| 000 | 00515nam a2200133Ia 4500 | ||
|---|---|---|---|
| 008 | 190925s9999 xx 000 0 und d | ||
| 020 | _a9.7801945295e+012 | ||
| 100 | _aTrew, Grant | ||
| 245 |
_cGrant Trew.-- _aTactics for TOEIC : _blistening and reading test / |
||
| 260 |
_aOxford : _bOxford University Press _c2007 |
||
| 300 |
_a197 pages _bcolored texts |
||
| 650 | _aEnglish language -- Business English -- Problems, exercises, etc. | ||
| 650 | _aTest of English for International Communication -- Study guides. | ||
| 999 |
_c362216 _d362216 |
||